Partnerstvo verejného a súkromného sektora a hlavné problémy jeho realizácie na miestnej úrovni

Náročný proces realizácie foriem partnerstva verejného a súkromného sektora pri zabezpečovaní verejných služieb. Zmluvné zabezpečovanie verejných služieb kontrahovaním z pohľadu teórie. Zmluvné zabezpečovanie verejných služieb kontrahovaním na miestnej úrovni v podmienkach Slovenska.

Na minha lista:
Detalhes bibliográficos
Autor principal: Meričková, Beáta
Formato: Capítulo de Livro
Idioma:eslovaco
Assuntos:
Tags: Adicionar Tag
Sem tags, seja o primeiro a adicionar uma tag!

MARC

LEADER 00000naa$a2200000$$$4500
001 0059980
005 20231107131842.0
041 0 |a slo 
044 |a SK 
245 1 0 |a Partnerstvo verejného a súkromného sektora a hlavné problémy jeho realizácie na miestnej úrovni  |c Beáta Meričková 
520 |a Náročný proces realizácie foriem partnerstva verejného a súkromného sektora pri zabezpečovaní verejných služieb. Zmluvné zabezpečovanie verejných služieb kontrahovaním z pohľadu teórie. Zmluvné zabezpečovanie verejných služieb kontrahovaním na miestnej úrovni v podmienkach Slovenska. 
610 2 0 |a partnerstvo verejno-súkromné 
610 2 0 |a služby verejné 
610 2 0 |a zmluvy 
610 2 0 |a Slovensko 
100 1 |a Meričková, Beáta